000
00317nam a22001457a 4500
008
230703b ||||| |||| 00| 0 eng d
020
_a
9783540172645
041
_a
eng
080
_a
521
082
_a
521KAR
100
_a
19
101
_a
ASTRO
245
_a
FUNDAMENTAL ASTRONOMY
_c
KARTTUNEN.H
942
_2
udc
_c
BK
999
_c
60075
_d
60075